Online Catalogue and eLibrary

The Hambantota empowerment phase 1 : (Record no. 2807)

MARC details
000 -LEADER
fixed length control field 00414nam a2200157Ia 4500
005 - DATE AND TIME OF LATEST TRANSACTION
control field 20240529002435.0
008 - FIXED-LENGTH DATA ELEMENTS--GENERAL INFORMATION
fixed length control field 240331s9999 xx 000 0 und d
082 ## - DDC Classification
Item Number - Author Mark WAN
Class No. 339.46
100 ## - MAIN ENTRY--PERSONAL NAME
Personal name Wanigasundara, Mallika
245 #4 - TITLE STATEMENT
Title The Hambantota empowerment phase 1 :
Remainder of title 1989 early 1992
260 ## - PUBLICATION, DISTRIBUTION, ETC.
Place of publication, distribution, etc. Sri Lanka
Name of publisher, distributor, etc. Janasaviya Department
Date of publication, distribution, etc. 1992
300 ## - PHYSICAL DESCRIPTION
Extent (e.g. Volumes, Pages etc.) 49 p .,
650 ## - SUBJECT ADDED ENTRY--TOPICAL TERM
Topical term or geographic name entry element women
650 ## - SUBJECT ADDED ENTRY--TOPICAL TERM
Topical term or geographic name entry element Health
942 ## - Koha item type (Biblio)
Koha item type Books in Stacks (Lending)
Holdings
Lost status Damaged status Collection code Home library Current library Shelving location Date acquired Full call number Accession Number Item type
    Lending WERC Library WERC Library Social Science Cupboard 03/31/2024 339.46 WAN 3281 Books in Stacks (Lending)

© WERC Library